000 00281nam a22001217a 4500
020 _a81-88759-33-3
082 _a823
_bSPI/E
245 _aTHE EMPEROR'S NEW CLOTHES
260 _aTHRISSUR
_bH&C
520 _aENGLISH SHORT STORY
650 _aENGLISH SHORT STORY
_zKERALA
942 _cBK
999 _c5567
_d5567